| 000 | 00409nam a2200169Ia 4500 | ||
|---|---|---|---|
| 008 | 221030s9999 xx 000 0 und d | ||
| 020 | _a8178085593 | ||
| 041 | _aEnglish | ||
| 082 |
_a105.23 _bToc |
||
| 100 | _aR. J. Tocci | ||
| 245 | 0 | _aDigital Systems Principles & Applications | |
| 260 |
_bPearson Education _aDelhi _c2002 |
||
| 300 | _a881 | ||
| 650 | _aComputers | ||
| 700 | _aN. S. Neal | ||
| 942 | _cBK | ||
| 999 |
_c197 _d197 |
||